00410nam a2200133Ia 45000010005000000080041000050200022000460820021000681000047000892450073001362600025002099010027002349990015002612513241024s9999 xx 000 0 und d a978-9945-074-46-8 aRD/972.93/AB162a aElias Abreu Cadet, Jose , Síntes Gómez 0aEl alzamiento de Neiba : Acontecimientos y documentos (febrero 1863) bEditora Búhoc2012 a20/9/2012 8:34:14 a.m. c7607d7607